000 00684nam a22002177a 4500
003 OSt
005 20251205015831.0
008 251205b |||||||| |||| 00| 0 eng d
020 _a978-0-670-03825-1
040 _aDWC-Main lib.
_cOC
082 _aCirc. 303.4825 M288c 2007
100 _aMann, James
245 _aThe china Fantasy:
_bhow our leaders explain away Chinese repression/
_cJames Mann
260 _aLondon :
_bPenguin books ,
_cc2007.
300 _axiii, 127 pages :
_billustrations ;
_c21cm.
504 _aIncludes index.
650 _a1. China.
650 _a2. International relations.
650 _a3. Politics and government.
942 _2ddc
_cBK-CIRC
_kCirc.
_n0
999 _c6908
_d6908